| 000 | 00824 a2200241 4500 | ||
|---|---|---|---|
| 003 | OSt | ||
| 005 | 20180116192401.0 | ||
| 008 | 120703t xxu||||| |||| 00| 0 eng d | ||
| 020 | _a0714840017 | ||
| 020 | _a9780714840017 | ||
| 040 | _c0 | ||
| 082 | _a974.4 | ||
| 100 |
_aRichards, Eugene. _95432 |
||
| 245 | 1 | 0 |
_aDorchester days / _cEugene Richards ; introduction by Dorothea Lynch. |
| 260 |
_aLondon : _bPhaidon, _c2000. |
||
| 300 |
_a1 v. ((unpaged)) : _bchiefly ill., ports. ; _c31cm. |
||
| 600 | 1 | 4 |
_aRichards, Eugene. _95433 |
| 650 | 1 | 0 |
_aDorchester (Boston, Mass.) _xSocial conditions. _95434 |
| 650 | 1 | 0 |
_aDorchester (Boston, Mass.) _xPictorial works. _95435 |
| 700 | 1 |
_4Lynch, Dorothea, _d1944-1983. _95436 |
|
| 942 |
_aSADA _cBK _k974.4 RIC 2000 _2ddc |
||
| 999 |
_c353330 _d353330 |
||